000
00294nam a2200109Ia 4500
008
171204s9999 xx 000 0 und d
245
_a
Trigonometric Delights:
245
_c
Eli Maor
260
_c
2013
650
_x
G-MATH2 Trigonometry
856
_u
http://down.ebook777.com/TriDel(prSciLib.pdf
999
_c
345505
_d
345505